Capitalisations boursières - Statistiques

Statistiques générales
  • Ce quiz a été pris 102 fois
  • Le résultat moyen est 9 sur 23
Statistiques - réponses
Année Entreprise % Correct
2022 Apple
100%
2021 Apple
86%
2020 Apple
86%
2018 Apple
66%
2017 Apple
66%
2016 Apple
66%
2015 Apple
66%
2013 Apple
66%
2014 Apple
65%
2012 Apple
65%
2019 Microsoft
65%
2000 Microsoft
17%
2003 Microsoft
15%
2011 ExxonMobil
5%
2009 ExxonMobil
3%
2008 ExxonMobil
3%
2006 ExxonMobil
3%
2010 PetroChina
3%
2007 PetroChina
2%
2005 General Electrics
1%
2004 General Electrics
1%
2002 General Electrics
1%
2001 General Electrics
1%
Aucun quiz correspondant
Distribution des résultats
% des personnes avec chaque résultat
Percentile par nombre de réponses
Votre historique - résultats
Vous n’avez pas pris ce quiz